<?xml version="1.0" encoding="UTF-8"?>
<record
    xmlns:xsi="http://www.w3.org/2001/XMLSchema-instance"
    xsi:schemaLocation="http://www.loc.gov/MARC21/slim http://www.loc.gov/standards/marcxml/schema/MARC21slim.xsd"
    xmlns="http://www.loc.gov/MARC21/slim">

  <leader>02713nam a22002777a 4500</leader>
  <controlfield tag="005">20240305165644.0</controlfield>
  <controlfield tag="007">cr||||   |||| </controlfield>
  <controlfield tag="008">221220s2021    es |||||s|||| 00||0 spa d</controlfield>
  <datafield tag="020" ind1=" " ind2=" ">
    <subfield code="a">978-84-9123-957-4</subfield>
  </datafield>
  <datafield tag="035" ind1=" " ind2=" ">
    <subfield code="a">37325</subfield>
  </datafield>
  <datafield tag="040" ind1=" " ind2=" ">
    <subfield code="a">vLex</subfield>
  </datafield>
  <datafield tag="090" ind1=" " ind2=" ">
    <subfield code="c">14149</subfield>
    <subfield code="d">14149</subfield>
  </datafield>
  <datafield tag="100" ind1="1" ind2=" ">
    <subfield code="a">Vargas Vasserot, Carlos</subfield>
  </datafield>
  <datafield tag="245" ind1="1" ind2="0">
    <subfield code="a">Responsabilidad, econom&#xED;a e innovaci&#xF3;n social corporativa</subfield>
    <subfield code="h">[Recurso electr&#xF3;nico] /</subfield>
    <subfield code="c">Carlos Vargas Vasserot, Daniel Hern&#xE1;ndez C&#xE1;ceres</subfield>
  </datafield>
  <datafield tag="256" ind1=" " ind2=" ">
    <subfield code="a">Servicio en l&#xED;nea</subfield>
  </datafield>
  <datafield tag="260" ind1=" " ind2=" ">
    <subfield code="a">Madrid:</subfield>
    <subfield code="b">Marcial Pons,</subfield>
    <subfield code="c">2021</subfield>
  </datafield>
  <datafield tag="300" ind1=" " ind2=" ">
    <subfield code="a">1 recurso electr&#xF3;nico</subfield>
  </datafield>
  <datafield tag="500" ind1=" " ind2=" ">
    <subfield code="a">"Responsabilidad, Econom&#xED;a e Innovaci&#xF3;n Social Corporativa" fue el t&#xED;tulo del XIX Congreso de la Asociaci&#xF3;n "Sainz de Andino" de Profesores de Derecho Mercantil, que se celebr&#xF3; en octubre de 2019 en la sede del Centro de Investigaci&#xF3;n en Derecho de la Econom&#xED;a Social y en la Empresa Cooperativa (CIDES) de la Universidad de Almer&#xED;a. La base de la presente publicaci&#xF3;n, con el mismo t&#xED;tulo que dicho congreso, son las ponencias pronunciadas por los reconocidos conferenciantes que participaron en el mismo, junto a una selecci&#xF3;n de las comunicaciones m&#xE1;s valiosas presentadas a dicho evento cient&#xED;fico. Todas estas aportaciones fueron sometidas a un importante proceso de mejora y de adaptaci&#xF3;n para convertirlas en parte de una obra colectiva del nivel de la que se presenta, lo que justifica el tiempo transcurrido entre la celebraci&#xF3;n del congreso origen de la obra y la fecha de su publicaci&#xF3;n. La obra se divide en tres partes diferenciadas, en las que encajan los veinti&#xFA;n cap&#xED;tulos que la componen: responsabilidad social corporativa, econom&#xED;a social e innovaci&#xF3;n social corporativa. Aparte del sesgo social, m&#xE1;s o menos intenso, de todos los cap&#xED;tulos del libro, el verdadero nexo de uni&#xF3;n de todos ellos es la originalidad en el tratamiento jur&#xED;dico de los temas abordados. En esta faceta cabe destacar, entre otras, las aportaciones sobre las empresas sociales de nueva factura, las B Corps, las criptomonedas y la exclusi&#xF3;n social, el dinero digital programable y las asambleas virtuales de las cooperativas tras la normativa COVID.</subfield>
  </datafield>
  <datafield tag="506" ind1="1" ind2=" ">
    <subfield code="a">Disponible solo en los productos indicados</subfield>
    <subfield code="d">vLex Global</subfield>
    <subfield code="d">vLex Global (Academic Edition, excluding Law Schools)</subfield>
    <subfield code="d">vLex Global (U.S. Academic Edition, Law Schools)</subfield>
    <subfield code="d">vLex Global (U.S. Academic Edition, excluding Law Schools)</subfield>
    <subfield code="d">vLex Global (Academic Edition, Law Schools)</subfield>
  </datafield>
  <datafield tag="650" ind1="0" ind2="4">
    <subfield code="a">Derecho Mercantil y de la Empresa</subfield>
    <subfield code="z">Espa&#xF1;a</subfield>
  </datafield>
  <datafield tag="650" ind1="0" ind2="4">
    <subfield code="a">Sociedades</subfield>
    <subfield code="z">Espa&#xF1;a</subfield>
  </datafield>
  <datafield tag="700" ind1="1" ind2=" ">
    <subfield code="a">Hern&#xE1;ndez C&#xE1;ceres, Daniel</subfield>
  </datafield>
  <datafield tag="740" ind1="0" ind2=" ">
    <subfield code="a">vLex Libros (Servicio en l&#xED;nea)</subfield>
  </datafield>
  <datafield tag="856" ind1="4" ind2="0">
    <subfield code="u">https://app.vlex.com/#/sources/37325</subfield>
  </datafield>
  <datafield tag="942" ind1=" " ind2=" ">
    <subfield code="c">RAA</subfield>
  </datafield>
  <datafield tag="952" ind1=" " ind2=" ">
    <subfield code="0">0</subfield>
    <subfield code="1">0</subfield>
    <subfield code="4">0</subfield>
    <subfield code="7">0</subfield>
    <subfield code="8">VLEX</subfield>
    <subfield code="9">330258</subfield>
    <subfield code="a">BD-UIN</subfield>
    <subfield code="b">BD-UIN</subfield>
    <subfield code="d">2024-03-05</subfield>
    <subfield code="l">0</subfield>
    <subfield code="p">37325</subfield>
    <subfield code="r">2024-03-05</subfield>
    <subfield code="w">2024-03-05</subfield>
    <subfield code="y">RAA</subfield>
  </datafield>
  <datafield tag="999" ind1=" " ind2=" ">
    <subfield code="c">172339</subfield>
    <subfield code="d">172339</subfield>
  </datafield>
</record>
